000
00341nam a2200145Ia 4500
005
20251222144823.0
008
251222s9999||||xx |||||||||||||| ||spa||
020
_a
84-7118-465-6
082
_a
272.9/S85
100
_a
Suárez Fernández, Luis
245
0
_a
Raíces cristianas de Europa
250
_a
2a.ed.
264
_b
MC
942
_c
LIB
999
_c
20555
_d
20555